| 000 | 00803nam a2200265 a 4500 | ||
|---|---|---|---|
| 001 | 12086 | ||
| 003 | CO-ViMGA | ||
| 008 | 141112s2004 ck r 000 u spa d | ||
| 020 | _a84892099 | ||
| 040 |
_aCO-ViMGA _bspa _cCO-ViMGA |
||
| 082 | 0 | 4 | _aCo861.08 S437 |
| 100 | 1 |
_aArevalo, Guillermo Alberto _917097 |
|
| 245 | 1 | 0 |
_aSiete Poetas Colombianos : _bAntologĂa |
| 260 |
_aBogotá, _cEl Ancora Editores, _c1993 |
||
| 300 | _a132 p., fotos | ||
| 650 | 1 | 4 |
_aBARBA JACOB, PORFIRIO _917098 |
| 650 | 1 | 4 |
_aFLOREZ, JULIO _917099 |
| 650 | 1 | 4 |
_aLOPEZ, LUIS CARLOS _917100 |
| 650 | 1 | 4 |
_aPOESIA COLOMBIANA - COLECCIONES _917101 |
| 650 | 1 | 4 |
_aPOMBO, RAFAEL _917102 |
| 650 | 1 | 4 |
_aRIVERA, JOSE EUSTACIO _97097 |
| 650 | 1 | 4 |
_aSILVA, JOSE ASUNCION _955141 |
| 650 | 1 | 4 |
_aVALENCIA, GUILLERMO _917103 |
| 942 |
_2ddc _cBK |
||
| 999 |
_c23130 _d23130 |
||